[Event "ESP-ch Amateurs U2000"]
[Site "Murcia"]
[Date "2022.09.02"]
[Round "6.7"]
[White "Roig Roig, Marc"]
[Black "Perez Garcia, Jose Miguel"]
[Result "0-1"]
[WhiteElo "1950"]
[BlackElo "1904"]
[PlyCount "66"]
[EventDate "2022.08.30"]
[EventType "swiss"]
[EventRounds "7"]
[EventCountry "ESP"]
[SourceTitle "EXT 2024"]
[Source "ChessBase"]
[SourceDate "2023.10.10"]
[SourceVersion "1"]
[SourceVersionDate "2023.10.10"]
[SourceQuality "1"]

1. e4 c5 2. Nf3 e6 3. d4 cxd4 4. Nxd4 a6 5. Nc3 Qc7 6. Qd3 b5 7. Qg3 d6 8. Bd3 Nf6 9. f4 Nbd7 10. 0-0 Bb7 11. a3 h5 12. Nf3 Be7 13. Re1 h4 14. Qh3 Qc5+ 15. Be3 Qh5 16. Be2 Qg4 17. Qxg4 Nxg4 18. Bd2 Bd8 19. Nd4 Bb6 20. Bxg4 Bxd4+ 21. Kf1 Rc8 22. Rac1 Nb6 23. Nd1 Nc4 24. Bb4 a5 25. b3 axb4 26. bxc4 bxa3 27. c3 Bc5 28. cxb5 Ra8 29. Ra1 Ra4 30. Nb2 Rxe4 31. Rxe4 axb2 32. Rb1 Bxe4 33. Rxb2 Bd3+ 0-1

[Event "ESP-ch U18 Rapid"]
[Site "Salobrena"]
[Date "2022.08.07"]
[Round "9"]
[White "Vazquez Gomez, Marcos"]
[Black "Roig Roig, Marc"]
[Result "0-1"]
[WhiteElo "1623"]
[BlackElo "1470"]
[PlyCount "38"]
[EventDate "2022.08.06"]
[EventType "swiss (rapid)"]
[EventRounds "9"]
[EventCountry "ESP"]
[SourceTitle "EXT 2023"]
[Source "ChessBase"]
[SourceDate "2022.10.05"]
[SourceVersion "1"]
[SourceVersionDate "2022.10.05"]
[SourceQuality "1"]

1. e4 e6 2. d3 d5 3. Nd2 c5 4. Ngf3 Nc6 5. g3 Nge7 6. Bg2 g6 7. 0-0 Bg7 8. Re1 0-0 9. e5 Qc7 10. Qe2 g5 11. Nxg5 Qxe5 12. Qxe5 Nxe5 13. f4 Ng4 14. c3 Nf5 15. Nb3 d4 16. cxd4 Nxd4 17. Bh3 Nc2 18. Bxg4 Nxe1 19. Nxc5 Nc2 0-1

[Event "Sunway Formentera op 1st"]
[Site "Sant Ferran de ses Roques"]
[Date "2022.05.07"]
[Round "9"]
[White "Alsaqer, Meshal"]
[Black "Roig Roig, Marc"]
[Result "1/2-1/2"]
[WhiteElo "1744"]
[BlackElo "1895"]
[PlyCount "66"]
[EventDate "2022.04.29"]
[EventType "swiss"]
[EventRounds "10"]
[EventCountry "ESP"]
[SourceTitle "EXT 2023"]
[Source "ChessBase"]
[SourceDate "2022.10.05"]
[SourceVersion "1"]
[SourceVersionDate "2022.10.05"]
[SourceQuality "1"]

1. d4 e6 2. Nf3 Nf6 3. Bg5 Be7 4. e3 b6 5. Be2 Bb7 6. Nbd2 0-0 7. 0-0 Ne4 8. Nxe4 Bxe4 9. Bxe7 Qxe7 10. c3 f5 11. a4 a5 12. Rc1 d6 13. Nd2 Bc6 14. Bf3 Qd7 15. Bxc6 Qxc6 16. Qf3 Qxf3 17. Nxf3 Nc6 18. Rfd1 Rfe8 19. d5 exd5 20. Rxd5 g6 21. g3 Re4 22. b3 Ne7 23. Rd3 Nc6 24. Kg2 Ne5 25. Rd4 Nxf3 26. Kxf3 Rae8 27. Rcd1 R8e5 28. h3 b5 29. g4 bxa4 30. bxa4 Rc5 31. gxf5 Rxd4 32. cxd4 Rxf5+ 33. Kg3 Rg5+ 1/2-1/2

[Event "Baleares-chT"]
[Site "Palma de Mallorca"]
[Date "2022.01.29"]
[Round "2.4"]
[White "Roig Roig, Marc"]
[Black "Schenk Papke, Andres"]
[Result "0-1"]
[WhiteElo "1743"]
[BlackElo "2050"]
[PlyCount "68"]
[EventDate "2022.01.22"]
[EventType "team-tourn"]
[EventRounds "7"]
[EventCountry "ESP"]
[SourceTitle "EXT 2023"]
[Source "ChessBase"]
[SourceDate "2022.10.05"]
[SourceVersion "1"]
[SourceVersionDate "2022.10.05"]
[SourceQuality "1"]
[WhiteTeam "Puig den Valls"]
[BlackTeam "Can Tiu Sa Dragonera"]
[WhiteTeamCountry "ESP"]
[BlackTeamCountry "ESP"]

1. e4 c5 2. Nf3 Nc6 3. d4 cxd4 4. Nxd4 g6 5. Nc3 Bg7 6. Be3 Nf6 7. Bc4 0-0 8. Bb3 d6 9. f3 Bd7 10. Qd2 Nxd4 11. Bxd4 b5 12. Nd5 Nxd5 13. Bxd5 Rc8 14. Bxg7 Kxg7 15. g4 a5 16. c3 e6 17. Bb3 a4 18. Bc2 a3 19. 0-0-0 axb2+ 20. Kxb2 Qa5 21. Qd4+ e5 22. Qb4 Qc7 23. Rxd6 Be6 24. Bb3 Bc4 25. Rd2 Qa7 26. Qd6 Rfe8 27. g5 Re6 28. Qd7 Rc7 29. Qd8 Qc5 30. Rd7 Rxd7 31. Qxd7 Rd6 32. Qe8 Bxb3 33. axb3 Rd2+ 34. Kb1 Qxc3 0-1

[Event "Laujar de Andarax op 1st"]
[Site "Laujar de Andarax"]
[Date "2021.10.09"]
[Round "3"]
[White "Roig Roig, Marc"]
[Black "Jarque Megias, Juan Jose"]
[Result "0-1"]
[WhiteElo "1711"]
[BlackElo "2013"]
[PlyCount "118"]
[EventDate "2021.10.08"]
[EventType "swiss"]
[EventRounds "7"]
[EventCountry "ESP"]
[SourceTitle "EXT 2023"]
[Source "ChessBase"]
[SourceDate "2022.10.05"]
[SourceVersion "1"]
[SourceVersionDate "2022.10.05"]
[SourceQuality "1"]

1. e4 e5 2. Nf3 Nc6 3. d4 exd4 4. Nxd4 Bc5 5. Nf5 g6 6. Be3 Bxe3 7. Nxe3 Nf6 8. Nc3 0-0 9. Ned5 Re8 10. Qf3 Re6 11. 0-0-0 d6 12. Nxf6+ Rxf6 13. Qg3 Be6 14. f4 Ne7 15. Be2 Qf8 16. e5 dxe5 17. fxe5 Qh6+ 18. Kb1 Rf4 19. Bf3 c6 20. Ne4 Nd5 21. Qf2 Qg7 22. Qd4 b6 23. c4 c5 24. Qd2 Qxe5 25. Rhe1 Nb4 26. Ng3 Bf5+ 27. Ka1 Nc2+ 28. Qxc2 Bxc2 29. Rxe5 Rxf3 30. Rd2 Rd3 31. Rd5 Re8 32. b3 Rxd2 33. Rxd2 Bf5 34. Kb2 Kg7 35. a3 h5 36. Rd5 Kf6 37. Rd6+ Kg5 38. Rd2 Bg4 39. h3 h4 40. Nf1 Be2 41. Rd5+ f5 42. Nd2 Re3 43. b4 Kf4 44. bxc5 bxc5 45. Rxc5 Rg3 46. Rd5 Rxg2 47. Rd4+ Ke3 48. Kc3 Rg1 49. Rd6 Rc1+ 50. Kb4 Rc2 51. Nb3 Rxc4+ 52. Ka5 g5 53. Re6+ Re4 54. Rc6 g4 55. Rc3+ Kf2 56. Nc5 Re5 57. Kb4 g3 58. Rc2 Rxc5 59. Rxc5 f4 0-1

[Event "ESP-ch U16"]
[Site "Salobrena"]
[Date "2020.08.12"]
[Round "5"]
[White "Donate Moreno, Silvia"]
[Black "Roig Roig, Marc"]
[Result "1-0"]
[WhiteElo "1931"]
[BlackElo "1801"]
[PlyCount "55"]
[EventDate "2020.08.10"]
[EventType "swiss"]
[EventRounds "9"]
[EventCountry "ESP"]
[SourceTitle "EXT 2021"]
[Source "ChessBase"]
[SourceDate "2020.10.23"]
[SourceVersion "1"]
[SourceVersionDate "2020.10.23"]
[SourceQuality "1"]

1. e4 e6 2. d4 d5 3. Bd3 dxe4 4. Bxe4 Nf6 5. Bf3 Bd6 6. Ne2 0-0 7. Nbc3 c6 8. 0-0 Nbd7 9. Ng3 Re8 10. Re1 Qc7 11. Nf1 h6 12. g3 e5 13. d5 Bb4 14. dxc6 Bxc3 15. cxd7 Bxd7 16. bxc3 Qxc3 17. Bd2 Qc7 18. Ne3 e4 19. Be2 Rac8 20. c4 Be6 21. Qc2 b5 22. Rac1 bxc4 23. Bxc4 Nd5 24. Bxd5 Qxc2 25. Rxc2 Rxc2 26. Nxc2 Rd8 27. Ne3 Bxd5 28. Nxd5 1-0

[Event "ESP-ch U16"]
[Site "Salobrena"]
[Date "2020.08.10"]
[Round "1"]
[White "Tadevosyan, Aspet"]
[Black "Roig Roig, Marc"]
[Result "1-0"]
[WhiteElo "2195"]
[BlackElo "1801"]
[PlyCount "59"]
[EventDate "2020.08.10"]
[EventType "swiss"]
[EventRounds "9"]
[EventCountry "ESP"]
[SourceTitle "EXT 2021"]
[Source "ChessBase"]
[SourceDate "2020.10.23"]
[SourceVersion "1"]
[SourceVersionDate "2020.10.23"]
[SourceQuality "1"]

1. d4 Nf6 2. c4 e5 3. dxe5 Ng4 4. Bf4 Nc6 5. Nf3 Bb4+ 6. Nbd2 Qe7 7. e3 Ngxe5 8. Nxe5 Nxe5 9. Be2 d6 10. 0-0 Bxd2 11. Qxd2 b6 12. Qd5 c6 13. Qd4 c5 14. Qc3 Bb7 15. Rfd1 0-0-0 16. b4 Ng6 17. Bg3 h5 18. bxc5 bxc5 19. Rab1 Be4 20. Qa5 Ne5 21. Bxe5 dxe5 22. Qa6+ Bb7 23. Rxd8+ Rxd8 24. Qxa7 Rd2 25. Bxh5 g6 26. Rb5 gxh5 27. Rxc5+ Kd7 28. Qxb7+ Ke8 29. Rc8+ Rd8 30. Qxe7+ 1-0

[Event "ESP-ch U18"]
[Site "Salobrena"]
[Date "2019.07.25"]
[Round "6"]
[White "Roig Roig, Marc"]
[Black "Navio Lopez, Manuel Alberto"]
[Result "1/2-1/2"]
[WhiteElo "1729"]
[BlackElo "1929"]
[PlyCount "67"]
[EventDate "2019.07.22"]
[EventType "swiss"]
[EventRounds "9"]
[EventCountry "ESP"]
[SourceTitle "CBM 191 Extra"]
[Source "ChessBase"]
[SourceDate "2019.09.30"]
[SourceVersion "1"]
[SourceVersionDate "2019.09.30"]
[SourceQuality "1"]

1. e4 c5 2. Nf3 Nc6 3. d4 cxd4 4. Nxd4 e5 5. Nb5 a6 6. Nd6+ Bxd6 7. Qxd6 Qf6 8. Qxf6 Nxf6 9. Nc3 d5 10. exd5 Nb4 11. Bd3 Nxd3+ 12. cxd3 Bf5 13. 0-0 0-0-0 14. Re1 Rhe8 15. Bg5 Bxd3 16. Rad1 Bg6 17. Na4 Kb8 18. Nc3 Rd6 19. Bxf6 gxf6 20. Ne4 Bxe4 21. Rxe4 Red8 22. Kf1 Rxd5 23. Rxd5 Rxd5 24. Rh4 Kc7 25. Rxh7 Rd7 26. h4 Kd8 27. Rh8+ Ke7 28. h5 f5 29. h6 Kf6 30. Rg8 Rd1+ 31. Ke2 Rh1 32. Rb8 Rxh6 33. Rxb7 Kg7 34. a4 1/2-1/2

[Event "ESP-ch U18"]
[Site "Salobrena"]
[Date "2019.07.23"]
[Round "3"]
[White "Rodriguez Redondo, Adhara"]
[Black "Roig Roig, Marc"]
[Result "1/2-1/2"]
[WhiteElo "1945"]
[BlackElo "1729"]
[PlyCount "70"]
[EventDate "2019.07.22"]
[EventType "swiss"]
[EventRounds "9"]
[EventCountry "ESP"]
[SourceTitle "CBM 191 Extra"]
[Source "ChessBase"]
[SourceDate "2019.09.30"]
[SourceVersion "1"]
[SourceVersionDate "2019.09.30"]
[SourceQuality "1"]

1. e4 e6 2. Nf3 d5 3. exd5 exd5 4. d4 Bd6 5. c4 c6 6. Nc3 Nf6 7. Bd3 0-0 8. 0-0 dxc4 9. Bxc4 Bg4 10. h3 Bh5 11. Be3 Nbd7 12. a3 Nb6 13. Ba2 Nbd5 14. Nxd5 Nxd5 15. Rc1 Re8 16. Re1 Nxe3 17. Rxe3 Qf6 18. Rcc3 Bf4 19. Rxe8+ Rxe8 20. g4 Bg6 21. Kg2 h5 22. Qb3 hxg4 23. hxg4 Be4 24. Qxb7 Bd2 25. Rb3 Qf4 26. Qd7 Re6 27. Qd8+ Kh7 28. Qh4+ Rh6 29. Qg3 Rf6 30. Qxf4 Bxf4 31. Rc3 Bd2 32. Rb3 Bf4 33. Rc3 Bd2 34. Rb3 Bf4 35. Rc3 Bd2 1/2-1/2

[Event "Ibiza-ch"]
[Site "Ibiza"]
[Date "2017.11.26"]
[Round "7"]
[White "Roig Roig, Marc"]
[Black "Roig Squire, Jason"]
[Result "0-1"]
[WhiteElo "1402"]
[BlackElo "2005"]
[PlyCount "98"]
[EventDate "2017.11.04"]
[EventType "swiss"]
[EventRounds "7"]
[EventCountry "ESP"]
[SourceTitle "EXT 2024"]
[Source "ChessBase"]
[SourceDate "2023.10.10"]
[SourceVersion "1"]
[SourceVersionDate "2023.10.10"]
[SourceQuality "1"]

1. e4 c5 2. Nf3 d6 3. d4 Nf6 4. Nc3 cxd4 5. Nxd4 a6 6. Bc4 e6 7. Bb3 Nbd7 8. Nf3 Nc5 9. e5 Nxb3 10. axb3 dxe5 11. Qxd8+ Kxd8 12. Nxe5 Ke8 13. 0-0 Bd7 14. Nxd7 Nxd7 15. Rd1 Rc8 16. Be3 Be7 17. Ra4 Nf6 18. Bg5 h6 19. Bxf6 gxf6 20. Rc4 Rxc4 21. bxc4 f5 22. Rd3 Bf6 23. Na4 Ke7 24. Rb3 Rb8 25. Nc5 b5 26. Nxa6 Rd8 27. Kf1 bxc4 28. Rb7+ Rd7 29. Rxd7+ Kxd7 30. Nc5+ Kc6 31. Na4 Kb5 32. Nc3+ Bxc3 33. bxc3 Kc5 34. Ke2 Kd5 35. Ke3 e5 36. g3 Ke6 37. f4 f6 38. h4 h5 39. Kf3 Kd5 40. Ke3 Kc5 41. Kd2 Kb5 42. Kc1 Ka4 43. Kb2 e4 44. Kc1 Ka3 45. Kb1 e3 46. Kc1 Ka2 47. Kd1 Kb1 48. Ke2 Kxc2 49. Kxe3 Kxc3 0-1

[Event "Ibiza-ch"]
[Site "Ibiza"]
[Date "2017.11.25"]
[Round "6"]
[White "Roig Roig, Marc"]
[Black "Cabello Ferrer, Raquel"]
[Result "1/2-1/2"]
[WhiteElo "1402"]
[BlackElo "1392"]
[PlyCount "106"]
[EventDate "2017.11.04"]
[EventType "swiss"]
[EventRounds "7"]
[EventCountry "ESP"]
[SourceTitle "EXT 2024"]
[Source "ChessBase"]
[SourceDate "2023.10.10"]
[SourceVersion "1"]
[SourceVersionDate "2023.10.10"]
[SourceQuality "1"]

1. e4 e5 2. Nf3 Nc6 3. d4 exd4 4. Nxd4 Bb4+ 5. c3 Bc5 6. Be3 Bb6 7. Nf5 Bxe3 8. Nxe3 Nf6 9. Nd2 0-0 10. Bc4 Ne5 11. 0-0 Nxc4 12. Nexc4 d5 13. exd5 Nxd5 14. Qf3 Nf6 15. Ne4 Nxe4 16. Qxe4 Re8 17. Rad1 Bd7 18. Ne5 Qe7 19. Rfe1 Bc6 20. Qe3 Qf6 21. Ng4 Qg6 22. Qg3 Rxe1+ 23. Rxe1 h5 24. Ne5 Qxg3 25. hxg3 Bd5 26. a3 Re8 27. Nf3 Rxe1+ 28. Nxe1 Kf8 29. Nd3 g6 30. Nf4 Bc6 31. Kf1 Ke7 32. Ke2 Kf6 33. f3 Ke5 34. Ke3 Kd6 35. Kd4 b6 36. b4 Bb7 37. Nd3 Ke6 38. c4 g5 39. c5 Ba6 40. cxb6 axb6 41. a4 Bxd3 42. Kxd3 Kd5 43. Kc3 c5 44. bxc5 Kxc5 45. Kb3 f5 46. Kc3 g4 47. f4 Kd5 48. Kb4 Kc6 49. Kc4 Kd6 50. Kb5 Kc7 51. Kc4 Kc6 52. Kb4 Kd6 53. Kb5 Kc7 1/2-1/2

[Event "Ibiza-ch"]
[Site "Ibiza"]
[Date "2017.11.18"]
[Round "5"]
[White "Valero Jimenez, Jose Manuel"]
[Black "Roig Roig, Marc"]
[Result "0-1"]
[WhiteElo "1471"]
[BlackElo "1402"]
[PlyCount "78"]
[EventDate "2017.11.04"]
[EventType "swiss"]
[EventRounds "7"]
[EventCountry "ESP"]
[SourceTitle "EXT 2024"]
[Source "ChessBase"]
[SourceDate "2023.10.10"]
[SourceVersion "1"]
[SourceVersionDate "2023.10.10"]
[SourceQuality "1"]

1. e4 e6 2. d4 d5 3. exd5 exd5 4. Nf3 Bd6 5. Be2 Nf6 6. Bg5 0-0 7. Nc3 c6 8. Qd2 Bg4 9. Ne5 Bxe2 10. Nxe2 Re8 11. f4 Ne4 12. Bxd8 Nxd2 13. Kxd2 Rxd8 14. h4 Nd7 15. g4 c5 16. c3 Nf6 17. g5 Ne4+ 18. Kc2 cxd4 19. Nxd4 Bxe5 20. fxe5 Re8 21. Nf3 Rac8 22. Rae1 b5 23. a3 a5 24. b4 Rxc3+ 25. Kb2 Rxf3 26. bxa5 Rxe5 27. a6 Re6 28. a7 Ra6 29. Rc1 Rf2+ 30. Kb3 Nd2+ 31. Kb4 Nc4 32. Rhe1 Kf8 33. Kxb5 Rxa7 34. Kc6 Rxa3 35. Kxd5 Ne3+ 36. Kd4 Rc2 37. Rb1 Rc4+ 38. Ke5 Ra5+ 39. Kd6 Rd5# 0-1

[Event "Ibiza-ch"]
[Site "Ibiza"]
[Date "2017.11.11"]
[Round "3"]
[White "Reina Sorribas, Adrian"]
[Black "Roig Roig, Marc"]
[Result "0-1"]
[WhiteElo "1150"]
[BlackElo "1402"]
[PlyCount "70"]
[EventDate "2017.11.04"]
[EventType "swiss"]
[EventRounds "7"]
[EventCountry "ESP"]
[SourceTitle "EXT 2024"]
[Source "ChessBase"]
[SourceDate "2023.10.10"]
[SourceVersion "1"]
[SourceVersionDate "2023.10.10"]
[SourceQuality "1"]

1. e4 e6 2. d4 d5 3. exd5 exd5 4. Nf3 Bd6 5. Nc3 c6 6. Be2 Nf6 7. 0-0 0-0 8. Bg5 Bf5 9. Bd3 Bxd3 10. Qxd3 Nbd7 11. Bh4 h6 12. Rfe1 Qc7 13. Bg3 Bxg3 14. fxg3 Rfe8 15. Rxe8+ Rxe8 16. Qd2 Ne4 17. Nxe4 Rxe4 18. Re1 Qb6 19. b3 Nf6 20. a4 a5 21. Qc3 g5 22. Qc5 Qxc5 23. dxc5 g4 24. Rxe4 Nxe4 25. Ne5 Nxc5 26. Nxg4 Kg7 27. Kf2 b5 28. axb5 cxb5 29. Ke3 a4 30. bxa4 bxa4 31. Kd4 Ne4 32. Ne3 a3 33. Nf5+ Kf6 34. Ne3 a2 35. Nxd5+ Kg7 0-1

[Event "Ibiza Eivissa op 6th"]
[Site "Eivissa"]
[Date "2017.07.29"]
[Round "7"]
[White "Paris Tur, Joan"]
[Black "Roig Roig, Marc"]
[Result "1/2-1/2"]
[WhiteElo "1258"]
[BlackElo "1435"]
[PlyCount "114"]
[EventDate "2017.07.08"]
[EventType "swiss"]
[EventRounds "7"]
[EventCountry "ESP"]
[SourceTitle "EXT 2019"]
[Source "ChessBase"]
[SourceDate "2018.10.10"]
[SourceVersion "1"]
[SourceVersionDate "2018.10.10"]
[SourceQuality "1"]

1. e4 e6 2. d4 d5 3. exd5 exd5 4. Bd3 Bd6 5. Nc3 Ne7 6. h3 Nbc6 7. Nf3 0-0 8. 0-0 h6 9. Qd2 Nb4 10. Nb5 Nxd3 11. Qxd3 a6 12. Nxd6 Qxd6 13. Qe3 Ng6 14. c3 Bd7 15. a4 Rfe8 16. Qd2 a5 17. b3 Qf6 18. Re1 Bxh3 19. Ne5 Nxe5 20. dxe5 Qg6 21. Qxd5 c6 22. Qf3 Bg4 23. Qg3 Re6 24. f3 Bxf3 25. Qxf3 f6 26. Bf4 Rf8 27. Qg3 Qxg3 28. Bxg3 f5 29. Rf1 Rg6 30. Bh2 Rg4 31. g3 h5 32. Rf4 g5 33. Rxg4 fxg4 34. Rf1 Rxf1+ 35. Kxf1 Kf7 36. Bg1 Ke6 37. Bd4 h4 38. Kg2 h3+ 39. Kg1 b5 40. c4 bxa4 41. bxa4 c5 42. Bxc5 Kxe5 43. Bb6 Kd6 44. Bxa5 Kc5 45. Bd8 Kxc4 46. a5 Kb5 47. Bb6 Ka6 48. Kf1 Kb5 49. Bg1 Kxa5 50. Ke2 Kb4 51. Ke3 Kc3 52. Ke4 Kd2 53. Kf5 Ke2 54. Kxg4 Kf1 55. Kxh3 Kxg1 56. Kg4 Kg2 57. Kxg5 Kxg3 1/2-1/2

[Event "Ibiza Eivissa op 6th"]
[Site "Eivissa"]
[Date "2017.07.09"]
[Round "2"]
[White "Roig Roig, Marc"]
[Black "Bordes Ibanez, Juan Bautista"]
[Result "0-1"]
[WhiteElo "1435"]
[BlackElo "1986"]
[PlyCount "86"]
[EventDate "2017.07.08"]
[EventType "swiss"]
[EventRounds "7"]
[EventCountry "ESP"]
[SourceTitle "EXT 2019"]
[Source "ChessBase"]
[SourceDate "2018.10.10"]
[SourceVersion "1"]
[SourceVersionDate "2018.10.10"]
[SourceQuality "1"]

1. e4 c5 2. Nf3 Nc6 3. d4 cxd4 4. Nxd4 Nf6 5. Nc3 d6 6. Bb5 Bd7 7. 0-0 g6 8. Be3 Bg7 9. h3 0-0 10. Bd3 Rc8 11. Nde2 a6 12. Rb1 b5 13. Bg5 Nb4 14. a3 Nxd3 15. Qxd3 Be6 16. Qe3 Bc4 17. Rfd1 Bxe2 18. Qxe2 Rc5 19. Nd5 Nxd5 20. exd5 Re8 21. Re1 Qc7 22. c3 Rxd5 23. f4 e6 24. Qf3 Qc5+ 25. Kh1 a5 26. b4 Qc4 27. Rbc1 a4 28. Re4 Qd3 29. Re3 Qd2 30. Rc2 Qxc2 31. Qxd5 Qc1+ 32. Kh2 Qxe3 33. Qxb5 Rc8 34. Qxa4 Rxc3 35. Qa8+ Bf8 36. Bh4 Qxf4+ 37. g3 Rc2+ 38. Qg2 Qe4 39. Qxc2 Qxc2+ 40. Kh1 Qf2 41. a4 d5 42. b5 Bc5 43. Be7 Qg1# 0-1